000 00507nam a2200169Ia 4500
008 230718s9999 xx 000 0 und d
041 _aeng
082 _a519.4024
_bAUT
100 _aAuti A.B.
245 _aComputer Oriented Numerical Methods
_b+ Laboratory Practical Handbook For C And Matlab Programs
250 _a3rd Re.ed.
260 _c2008
_bTech-Max Publications
300 _a999
365 _cRs.
_b415.00
700 _aAuti A.B.
906 _dO:0047114-Jan-2010B:217327-Jul-2009
_cMECH
_b62.25
999 _c323567
_d323567